Т. 36, № 4; Геология и геофизика

Библиографические подробности
Источник:Геология и геофизика: научный журнал/ Российская академия наук (РАН), Сибирское отделение (СО). Т. 36, № 4.— , 1960-.— 0016-7886
Язык:русский
Опубликовано: 1995
Формат: MixedMaterials Книга
Запись в KOHA:https://koha.lib.tpu.ru/cgi-bin/koha/opac-detail.pl?biblionumber=409881

MARC

LEADER 00000nam2a2200000 4500
001 409881
005 20231101071227.0
035 |a (RuTPU)RU\TPU\prd\63751 
035 |a RU\TPU\prd\63748 
090 |a 409881 
100 |a 20090311a19609999k y0rusy50 ca 
101 0 |a rus 
102 |a RU 
200 0 |a Т. 36, № 4 
210 |d 1995 
461 1 |0 (RuTPU)RU\TPU\prd\1420  |x 0016-7886  |t Геология и геофизика  |o научный журнал  |f Российская академия наук (РАН), Сибирское отделение (СО)  |v Т. 36, № 4  |d 1960- 
801 0 |a RU  |b 63413507  |c 20010227  |g PSBO 
801 1 |a RU  |b 63413507  |c 20020909  |g PSBO 
801 2 |a RU  |b 63413507  |c 20220322  |g PSBO 
942 |c BK 
999 |a НТБ_ТПУ  |b НФ  |e -1/20010101  |p П-6249а  |u 0,00  |v 1  |y 13821000864477